000 00419nam a22001457a 4500
082 _a624.1831
_bAME
_cL-19, P-1
100 _aAmerican Concrete Institue
_943131
245 _aACI manual of concrete inspection.
250 _a4th ed.
260 _aUSA
_bAmerican concrete institute
_c1957
300 _aiv, 240 p. :
_bill. :
_c4 Cm
526 _a0
_b0
_c0
_d624_183100000000000_AME
650 _aMCE
_9379
942 _2ddc
_cBK
999 _c546932
_d546932